MDQL
is popping MORE tags! Check the
thread
!
Quizzes
Events
Quiz Creation
Community
Videos
Private Events
Remove Ads
Sign In
Join for FREE
Feedback
Dark Mode
Quiz Categories
Sports
Geography
Music
Movies
Television
Just For Fun
Miscellaneous
History
Literature
Language
Science
Gaming
Entertainment
Religion
Holiday
For Kids
Quiz Lab
Recent
Popular Today
Quiz Kudos Today
Editor Picks
Curator Picks
Quizzes by...
Day
Popularity
Type
Ratings
Length
Year
Community
Subscriptions
Recent Discussions
Orange Saloon
Badges
Playlists
Quests
Create
Leaderboards
Showdown
Live 5
Trivia Bingo
Activity
Puzzle Library
Sporcle Events
Private Events
Virtual Trivia
Globe League
Become a Host
Pub Owners
SporcleCon
Opinionation
Our Games
Videos
Blog
Mobile Apps
Partnerships
Remove Ads and Go Orange
Feedback
Science
Computer
Plants
Astronomy
Chemistry
Elements
Math
Animal
Physics
Anatomy
Biology
Geology
General Science
Science
Computer
Plants
Astronomy
Chemistry
Elements
Math
Animal
Physics
Anatomy
Biology
Geology
General Science
Random Quiz
Search Sporcle
×
Quiz Lab
Quiz Lab
Science
Physics
Type in answers that appear in a list
Type in answers that appear in a list
Classic
Best Score? Go Orange.
Physics - Energy Types Stats
Can you name the Physics - Energy Types?
By
Mrniemis
10m
37 Questions
883 Plays
883 Plays
883 Plays
Comments
Comments
Give Quiz Kudos
Give Quiz Kudos
-
- Ratings
hide this ad
Forced Order
Answers have to be entered in order
Answers have to be entered in order
Random Order
Randomize order of answers
Randomize order of answers
Replay
Link that replays current quiz
Next Quiz
Link to next quiz in quiz playlist
You Got
0%
They Got
Avg Score
47%
Avg Friend Score
Upgrade to see
Score Distribution
Jump to the score distribution portion of the page
Score
0/37
Timer
10:00
0
Plays Today
Questions
Answer
% Correct
A toaster shows electrical energy to _
_
_
_
_
_
_
_
energy
Thermal
68.4%
A battery operated flashlight shows chemical energy changing to electrical then changing to _
_
_
_
_
_
_
_
_
energy
Light
62.2%
A rock has the least potential energy at the _
_
_
_
of a hill
Bottom
61.8%
A toaster shows _
_
_
_
_
_
_
energy to thermal energy
Electrical
61.7%
A rock has the most kinetic energy at the _
_
_
_
of a hill
Bottom
61.6%
A rock has the most potential energy at the _
_
_
_
of a hill
Top
61.5%
A rock has the least kinetic energy at the _
_
_
_
of a hill
Top
61.2%
Rubbing your hands together shows_
_
_
_
_
_
_
energy changing to thermal energy
Mechanical
61.2%
A battery operated flashlight shows chemical energy changing to _
_
_
_
_
_
_
_
_
then changing to light energy
Electrical
60.5%
An electric fan is an example of _
_
_
_
_
_
_
energy changing to Mechanical energy
Electric
59.6%
Friction causes _
_
_
_
_
_
_
energy
Thermal
58.4%
Solar energy is _
_
_
_
_
_
energy
Electromagnetic
58.1%
What category of energy is stored energy?
Potential
57.6%
If a 6kg ball is traveling at 2 m/
s how much Kinetic energy does the ball have in Joules
12 because .5 mv^2 = .5(6)(2)^2
57.1%
What category of energy is energy of motion?
Kinetic
56.9%
The unit for Energy is _
_
_
_
_
_
_
_
Joules
56.8%
Gasoline before it gets burned is an example fo the stored _
_
_
_
_
_
_
energy it has
Chemical
56.6%
Energy that is vibration of atoms and molecules to make heat
Thermal or Heat
56.3%
Rubbing your hands together shows mechanical energy changing to _
_
_
_
_
energy
Thermal
54.4%
Questions
Answer
% Correct
Coal and other fossil fuels are examples of _
_
_
_
_
_
energy
Chemical
54.3%
Food is an example of _
_
_
_
_
enegy
Chemical
53.8%
Electricity moving through a wire is an example of _
_
_
_
energy
Electrical
52.3%
The formula for Mechanical Kinteic energy is 1/
2 mass times _
_
_
_
_
_
_
_
squared
Velocity
51.9%
Energy can not be _
_
_
_
_
_
_
or _
_
_
_
_
_
_
_
only change forms
Created destroyed
51.5%
If a 3 kg ball is rasied up 4 Meters, what is it's potential energy in Joules
120 because mgh = 3x10x4
51.5%
A battery operated flashlight shows _
_
_
_
_
_
energy changing to electrical then changing to light energy
Chemical
51.2%
An electric fan is an example of electric energy changing to _
_
_
_
_
_
_
energy
Mechanical
50.8%
If a 5 kg ball is rasied up 2 Meters, what is it's potential energy in Joules
100 because mgh = 5x10x2
50.7%
The formula for Gravitational Potential energy is _
_
_
_
_
mgh(Mass time gravity times height)
49.7%
A ball rolling is an example of _
_
_
_
_
_
energy
Mechanical
49.6%
When a rock is at the top of a hill, this is an examlpe of _
_
_
_
_
_
_
_
_
_
energy
Gravitational Potential
47.3%
Energy that is movement of objects or substances from one place to another
Mechanical
46.7%
Mass times accelerlation of gravity can be expressed in what unit
Newtons
46.4%
A 4 N book is lifted 2 Meters high, what is the Gravitational Potential Energy?
8 Joules because 4N times 2 = 8
45.9%
Energy that is that travels in transverse waves is called electromagnetic energy or _
_
_
_
_
_
energy
Light
45%
Energy an object or substance has because of its position
Gravitational Potential
44.5%
Energy stored in the bonds between atoms, or in other words, stored in a substance
Chemical
44.1%
Quiz Playlist
Details
Report
Send in Message
Add To Playlist
Classic:
Type in answers that appear in a list
Forced Order:
Answers have to be entered in order
Random Order:
Randomize order of answers
Last Updated: Feb 16, 2017
Quiz Scoreboard
CHALLENGE
Sign Up to Join the Scoreboard
Show All
Scores
Hide
Comments
May contain spoilers
Recently Published
Image Sorting: Flags VI
by Barbecue
Geography
2m
Find the 'City' Movie
by crazypaving
Movies
60s
Colored Red Africa Blitz
by spor1
Geography
45s
More to Explore
Quiz From the Vault
Featured Blog Post
14 Easter Pick-up Lines to Find Eggs With
hide this ad
You Might Also Like...
Tags
Physics Quiz
Energy
Today's Top Quizzes in Science
Browse Science
hide this ad
Today's Top Quizzes in Physics
Browse Physics
Top Contributed Quizzes in Science
1
Windmill: Elements
2
200 Vogels in Nederland
3
Square Numbers Scrambled (1-50)
4
Elements In Images
5
Glycolysis
6
Count to 60
7
perfect squares 1-25
8
17 TIMES TABLE
9
Quick Pick: 'CI-CJ' Animals
10
4-letter Elementary Words III
Explore More
Trending Topics
Marvel
Disney
Anime
Kpop
NBA
Crossword
Harry Potter
Song
NFL
Puzzle
WWE
The Office
Pokémon
Soccer
Country
hide this ad
More By:
Mrniemis
Quiz
Plays
Rating
Category
Featured
Created
Word Ladder: Speaking
92,503
3.65
Just For Fun
May 4, 2010
Photosynthesis For Escape Room
45,013
3.00
Science
Jan 13, 2021
Winter Holiday Jokes for Breakout
35,816
2.74
Holiday
Dec 3, 2018
Cell Parts Speed Challenge for Breakout Box
24,806
Science
Jan 18, 2021
Human Body Parts Breakout box
15,619
1.63
Science
Jan 24, 2018
Go to Creator's Profile
Score Distribution
Quiz Creator Spotlight
Mrniemis
Follow
Send a Message
Quizzes Created
-
Created Quiz Play Count
-
More By This Creator
Popular Quizzes Today
1
Colored Red Africa Blitz
2
Find the US States - No Outlines Minefield
3
Find the 'City' Movie
4
5x2 Blitz: Bands
5
The Countries of the World
6
Find the US States
7
Find the Countries of Europe - No Outlines Minefield
8
US States
More Science Quizzes
Find the Scorpion Animals
Quiz Lab
Trending Quizzes
Colored Red Europe Blitz I
Colored Red Africa Blitz II
Colored Red Europe Blitz II
Colored Red Africa Blitz III
Colored Red Europe Blitz III
Recently Updated
How Do You Spell That?
pecheneg
Godzilla Movies
pecheneg
Grab Bag: 4-10 Letters
pecheneg
2024 March Madness Bracket
pecheneg
Famous TV Couples
Peacemaker
Champions League XIs: Real Madrid
pecheneg
Largest US Cities 1790-2010
pecheneg
Rides in Walt Disney World
pecheneg
Most Oscar Losses (Acting)
pecheneg
Beyoncé Albums
pecheneg
Trending Topics
Crossword
NBA
Disney
Kpop
Marvel
Anime
Harry Potter
Song
Puzzle
Soccer
WWE
The Office
NFL
Pokémon
Country
Your Account Isn't Verified!
In order to create a playlist on Sporcle, you need to verify the email address you used during registration. Go to your
Sporcle Settings
to finish the process.
Report this User
Report this user for behavior that violates our
Community Guidelines
.
Details:
Send Report
Go to the Sporcle.com Mobile Site →
Comments